Description générale des monnaies antiques de l'Espagne / (Record no. 155217)
[ view plain ]
| 000 -LEADER | |
|---|---|
| campo de control de longitud fija | 00774nam a2200217 i 4500 |
| 001 - NÚMERO DE CONTROL | |
| campo de control | 155217 |
| 003 - IDENTIFICADOR DE NÚMERO DE CONTROL | |
| campo de control | ES-MaACL |
| 005 - FECHA Y HORA DE LA ÚLTIMA TRANSACCIÓN | |
| campo de control | 20260329063015.0 |
| 008 - DATOS DE LONGITUD FIJA--INFORMACIÓN GENERAL | |
| campo de control de longitud fija | 981016s1870 fr a |||| | fre d |
| 100 1# - ENTRADA PRINCIPAL--NOMBRE DE PERSONA | |
| Nombre de persona | Heiss, Aloïss, |
| Fechas asociadas al nombre | n. 1820 |
| 9 (RLIN) | 127837 |
| 245 10 - MENCIÓN DEL TÍTULO | |
| Título | Description générale des monnaies antiques de l'Espagne / |
| Mención de responsabilidad, etc. | par Aloïss Heiss. |
| 260 ## - PUBLICACIÓN, DISTRIBUCIÓN, ETC. | |
| Lugar de publicación, distribución, etc. | Paris : |
| Nombre del editor, distribuidor, etc. | Imprimerie Nationale, |
| Fecha de publicación, distribución, etc. | 1870. |
| 300 ## - DESCRIPCIÓN FÍSICA | |
| Extensión | [4] h., 548 p., LXVIII h. de lám. : |
| Otras características físicas | il. ; |
| Dimensiones | 31 cm. |
| 596 ## - NOTA AL PIE DE IMPRENTA | |
| NOTA AL PIE DE IMPRENTA | Marca tip. en port. |
| 599 ## - NOTA A LAS ILUSTRACIONES | |
| NOTA A LAS ILUSTRACIONES | Las h. de lám. son de monedas. |
| 650 #4 - PUNTO DE ACCESO ADICIONAL DE MATERIA--TÉRMINO DE MATERIA | |
| Término de materia o nombre geográfico como elemento de entrada | Numismática- |
| Subdivisión geográfica | España. |
| 9 (RLIN) | 140095 |
| 650 04 - PUNTO DE ACCESO ADICIONAL DE MATERIA--TÉRMINO DE MATERIA | |
| Término de materia o nombre geográfico como elemento de entrada | Monedas antiguas- |
| Subdivisión geográfica | España. |
| 9 (RLIN) | 15162 |
| 752 ## - ENTRADA AGREGADA--NOMBRE JERÁRQUICO DEL LUGAR | |
| País o entidad superior | Francia - |
| Ciudad | París |
| 852 ## - LOCALIZACIÓN | |
| Ubicación | ES-MaACL |
| Número de control de estantería | B-3822 |
| Nota libre | -- Enc. hol. |
| Estatus retirado | Estado de pérdida | Estado de daño | No para préstamo | Colección | Biblioteca de origen | Biblioteca actual | Ubicación en estantería | Fecha de adquisición | Fuente de adquisición | Total de préstamos | Signatura topográfica completa | Código de barras | Visto por última vez | Precio de reemplazo | Tipo de ítem Koha |
|---|---|---|---|---|---|---|---|---|---|---|---|---|---|---|---|
| Libros del s. XIX | Biblioteca del Ateneo de Madrid | Biblioteca del Ateneo de Madrid | Sala Pardo Bazán | 17/01/2008 | B-3822 | 1162365 | 23/02/2023 | 23/02/2023 | Libro impreso antiguo |
